000 01163cam a22003737a 4500
003 CHAP
005 20220817043458.0
008 981007d1996 it r 11 spa d
010 _a76350
011 _a77322
020 _a9253037970
035 _a86925
040 _cCHAP
082 0 4 _a641
_bF3Y v.59
110 2 _aFAO
245 1 0 _aEducación en nutrición para el público
_c/por FAO
260 _aRoma :
_bFAO,
_c1996.
300 _a57 p.
410 2 _aFAO
490 0 _aAlimentación y nutrición
_v; 59
590 _aBATCH-UPD
_b10
_c20130110
_lUCH01
_h1409
590 _aBATCH-UPD
_b10
_c20130410
_lUCH01
_h0856
590 _aBATCH-UPD
_b10
_c20130914
_lUCH01
_h1345
590 _aCONVERSION
_b10
_c20130109
_lUCH01
_h1342
650 1 4 _aNutrición
_xEstudio y enseñanza.
_982256
650 1 4 _aNutrición
_xInvestigación.
_982260
810 0 _aFAO
830 0 0 _aAlimentacion y nutricion
_v; 59
_94112
901 _aBK
905 _aLilia Sánchez G.
942 _cLIBRO
949 _a641 F3Y v.59
_bBC
_cFAO
_d33724000707881
_eFAO2
_fc.2
_h94394
_i86925
_kDonaciØn
_sb
949 _a641 F3Y v.59
_bBC
_cFAO
_d33724000707899
_eFAO1
_h94393
_i86925
_kDonaciØn
_sb
999 _c76350
_d76350